1258 1845 1415 1051 1289 1666 1622 1334 1288 1999 1393 1452 1835 1024 1656 1340 1056 1767 1723 1422 1388 1958 1523 1698 1374 1666 1974 1767 1048 1265 1401 1617 1792 1929 1201 1526 1438 1599 1775 1772 1993 1918 1555 1775 1476 1306 1646 1334 1306 1952 1614 1096 1961 1012 1992 1885 1221 1951 1486 1379 1765 1839 1609 1848 1436 1422 1275 1101 1213 1971 1898 1188 1657 1895 1864 1104 1960 1038 1115 1483 1684 1601 1423 1195 1816 1841 1020 1833 1167 1820 1001 1659 1866 1530 1583 1533 1919 1227 1837 BCNSPRNW ULIB Ver.6.0+V

เปลี่ยนเป็นภาษาไทย

Change to English
 แสดงรายละเอียดบรรณานุกรม
  กลับหน้าหลัก

Brief Record : Get Marc (ISO 2709) : E-mail record : QR code < ปิดหน้าต่าง
LEADER : 00000nam 2200000uu 4500
001    13399121054
003     ULIB
008    121101s2551||||th 000 0 tha d
020    ^a9789749491676
050 04 ^aH62^bพ769ว
100 0  ^aพิสณุ ฟองศรี
245 10 ^aวิจัยชั้นเรียน :^bหลักการและเทคนิคปฏิบัติ /^cพิสณุ ฟองศรี
250    ^aพิมพ์ครั้งที่ 5
260    ^aกรุงเทพฯ :^bพรอพเพอร์ตี้พริ้นท์,^c2551
300    ^a254 หน้า :^bตาราง
504    ^aบรรณานุกรม: หน้า [213]-217
650  7 ^aวิจัยเชิงปฏิบัติการทางการศึกษา
650  7 ^aชั้นเรียน^xวิจัย
945    ^p180^l0^i16481
995    ^aทศพร
999    ^aทศพร เกษรทอง
รายการนี้ยังไม่มีแท็ก
คุณยังไม่ได้ล็อกอิน คุณสามารถมีกิจกรรมร่วมกับเว็บไซต์ได้ แต่ต้องล็อกอินก่อน ::
  ล็อกอิน

รายการสื่อสารสนเทศ

ลำดับที่ ประเภท เลขเรียก/บาร์โค้ด สถานที่ สถานะ
1. วิทยาศาสตร์การแพทย์ และสุขภาพ
วิทยาศาสตร์การแพทย์ และสุขภาพ
H62 พ769ว ฉ.1 
  Barcode: 16481
ห้องสมุดวิทยาเขตสวรรค์ประชารักษ์
►หนังสือทั่วไป
บนชั้น

รายการใกล้เคียง
    ผู้แต่ง [พิสณุ ฟองศรี]

    หัวเรื่อง [วิจัยเชิงปฏิบัติการทางการศึกษา]

BibComment


ยังไม่เคยถูกคอมเมนท์

คอมเมนท์ทรัพยากรรายการนี้
  คอมเมนท์: วิจัยชั้นเรียน ..


 Copyright 2026. Bcnsprnw @Library